Name all Give Yourself Goosebumps Books - Statistics

General Stats
  • This quiz has been taken 8 times
  • The average score is 3 of 50
Answer Stats
Hint Answer % Correct
1 Escape from the Carnival of Horrors
100%
SE #2 Return to Terror Tower
50%
SE #6 Revenge of the Body Squeezers
50%
2 Tick Tock, You're Dead!
50%
42 All-Day Nightmare
0%
26 Alone in Snakebite Canyon
0%
18 Attack of the Beastly Babysitter
0%
6 Beware of the Purple Peanut Butter
0%
27 Checkout Time at the Dead-End Hotel
0%
41 Danger Time
0%
11 Deep in the Jungle of Doom
0%
10 Diary of a Mad Mummy
0%
34 Elevator to Nowhere
0%
19 Escape from Camp Run-For-Your-Life
0%
37 Escape from Horror House
0%
35 Hocus-Pocus Horror
0%
SE #1 Into the Jaws of Doom
0%
38 Into the Twister of Terror
0%
29 Invaders from the Big Screen
0%
33 It Came from the Internet
0%
32 It's Only a Nightmare!
0%
17 Little Comic Shop of Horrors
0%
24 Lost in Stinkeye Swamp
0%
5 Night in Werewolf Woods
0%
28 Night of a Thousand Claws
0%
SE #4 One Night in Payne House
0%
15 Please Don't Feed the Vampire!
0%
22 Return to the Carnival of Horrors
0%
39 Scary Birthday to You!
0%
13 Scream of the Evil Genie
0%
16 Secret Agent Grandma
0%
36 Ship of Ghouls
0%
25 Shop Till You Drop... Dead!
0%
14 The Creepy Creations of Professor Shock
0%
SE #5 The Curse of the Cave Creatures
0%
8 The Curse of the Creeping Coffin
0%
4 The Deadly Experiments of Dr. Eeek
0%
9 The Knight in Screaming Armor
0%
21 The Twisted Tale of Tiki Island
0%
31 The Werewolf of Twisted Tree Lodge
0%
20 Toy Terror: Batteries Included
0%
3 Trapped in Bat Wing Hall
0%
SE #3 Trapped in the Circus of Fear
0%
SE #7 Trick or... Trapped!
0%
7 Under the Magician's Spell
0%
SE #8 Weekend at Poison Lake
0%
12 Welcome to the Wicked Wax Museum
0%
30 You're Plant Food!
0%
23 Zapped in Space
0%
40 Zombie School
0%
No matching quizzes found
Score Distribution
Percent of People with Each Score
Percentile by Number Answered
Your Score History
You have not taken this quiz